Normal view
MARC view
- Schroeder,Richard G/ Clark,Myrtle/Cathey Jack M
Entry Personal Name
001 - CONTROL NUMBER
- control field: 3217
003 - CONTROL NUMBER IDENTIFIER
- control field: JO-AjAnu
005 - DATE AND TIME OF LATEST TRANSACTION
- control field: 20230606070829.0
008 - FIXED-LENGTH DATA ELEMENTS
- fixed length control field: 230606|| aca||aabn | a|a d
040 ## - CATALOGING SOURCE
- Original cataloging agency: JO-AjAnu
- Transcribing agency: JO-AjAnu
100 ## - HEADING--PERSONAL NAME
- Personal name: Schroeder,Richard G/ Clark,Myrtle/Cathey Jack M
670 ## - SOURCE DATA FOUND
- Source citation: Work cat.: (JO-AjAnu)1684: Schroeder,Richard G/ Clark,Myrtle/Cathey Jack M, author, Financial Accounting Theory and Analysis